|
|
|
|
| LEADER |
00000nam0a2200000 4500 |
| 001 |
337881 |
| 005 |
20231102005008.0 |
| 035 |
|
|
|a (RuTPU)RU\TPU\book\364369
|
| 090 |
|
|
|a 337881
|
| 100 |
|
|
|a 20171114d1969 km y0rusy50 ca
|
| 101 |
0 |
|
|a rus
|
| 102 |
|
|
|a UA
|
| 105 |
|
|
|a a z 001zy
|
| 200 |
1 |
|
|a Корректирующие устройства
|f М. Я. Левицкий
|
| 210 |
|
|
|a Киев
|c Технiка
|d 1969
|
| 215 |
|
|
|a 190 с.
|c ил.
|
| 320 |
|
|
|a Библиогр.: с. 185-189
|
| 606 |
1 |
|
|a Металлорежущие станки
|x Точность
|x Проверка
|2 stltpush
|3 (RuTPU)RU\TPU\subj\42652
|9 62311
|
| 610 |
1 |
|
|a винтовые механизмы
|
| 610 |
1 |
|
|a червячные передачи
|
| 610 |
1 |
|
|a проволочные потенциомеры
|
| 610 |
1 |
|
|a электронное управление
|
| 610 |
1 |
|
|a изготовление
|
| 610 |
1 |
|
|a автоматическая обработка
|
| 610 |
1 |
|
|a станки
|
| 610 |
1 |
|
|a погрешности
|
| 610 |
1 |
|
|a кривые
|
| 675 |
|
|
|a 621.9.06.08
|v 4
|
| 700 |
|
1 |
|a Левицкий
|b М. Я.
|g Моисей Янкелевич
|
| 801 |
|
1 |
|a RU
|b 63413507
|c 20171114
|
| 801 |
|
2 |
|a RU
|b 63413507
|c 20220506
|g RCR
|
| 942 |
|
|
|c BK
|